000 004370000a22001810004500
003 MACL
005 20151206113915.0
008 151206b xxu||||| |||| 00| 0 eng d
040 _aMACL
_cMACL
041 _aEnglish
082 _a741.642
100 _aKhemraj, P.
_919447
245 _aThe Ramayana Retold For Children
260 _bAnukool Books
_c1995
350 _a40
650 _aChildern Book
_916102
942 _cBK
_k741.642
_2ddc
999 _c2325
_d2325